000 00738nam a22001937a 4500
999 _c5846
_d5846
005 20251118133257.0
008 251118b ||||| |||| 00| 0 eng d
020 _a9781481469197
040 _cKH8
082 _a813.6 ALE
100 _aAlexander,William
_eAuthor
245 _aA festival of ghosts
260 _a1230 Avenues of the Americas,New York,New York 10020
_bSimon&Schuster Children's Publishing Division
_c©2018
300 _a249 pages
_billustration
_c12 cm x 16 cm
520 _aWhen Jasper and Rosa are assigned to appease the many ghosts haunting the school in Ingot, they meet powerful new spirit friends and a surprising enemy.
650 _2Juvenile Fiction
655 _2Juvenile Fiction
_aHorror
942 _2ddc
_cFIC